Les Pokémons avec une statistique de base de 160 ou plus - Statistiques

Statistiques générales
  • Ce quiz a été pris 40 fois
  • Le résultat moyen est 50 sur 75
Statistiques - réponses
Pokémon % Correct
Méga-Mewtwo X
100%
Méga-Mewtwo Y
100%
Méga-Rayquaza
100%
Primo-Groudon
100%
Primo-Kyogre
100%
Deoxys Attaque
93%
Deoxys Défense
93%
Deoxys Vitesse
93%
Leuphorie
93%
Leveinard
93%
Méga-Zygarde
93%
Ronflex
93%
Zygarde Parfait
93%
Galeking
87%
Kyurem Blanc
87%
Kyurem Noir
87%
Méga-Alakazam
87%
Méga-Carchacrok
87%
Méga-Ectoplasma
87%
Méga-Galeking
87%
Méga-Steelix
87%
Steelix
87%
Méga-Gallame
80%
Méga-Tyranocif
80%
Ultra-Necrozma
80%
Charkos
73%
Engloutyran
73%
Méga-Braségali
73%
Méga-Gardevoir
73%
Méga-Latios
73%
Méga-Lucario Z
73%
Monaflèmit
73%
Regice
73%
Regigigas
73%
Regirock
73%
Ama-Ama
67%
Caratroc
67%
Méga-Darkrai
67%
Méga-Diancie
67%
Regidrago
67%
Regieleki
67%
Qulbutoké
60%
Wailord
60%
Bastiodon
53%
Câblifère
53%
Hoopa Déchaîné
53%
Katagami
53%
Méga-Aligatueur
53%
Méga-Flagadoss
53%
Méga-Heatran
53%
Méga-Pharamp
53%
Mega-Raichu Y
53%
Ninjask
53%
Onix
53%
Pêchaminus
53%
Sylveroy CE
53%
Sylveroy CF
53%
Terapagos Stellaire
53%
Méga-Lugulabre
47%
Méga-Minotaupe
47%
Méga-Scarhino
47%
Séracrawl
47%
Séracrawl de Hisui
47%
Superdofin Super
47%
Darumacho Transe de Galar
40%
Mamanbo
40%
Méga-Blindépique
40%
Méga-Branette
40%
Méga-Magearna
40%
Méga-Sarmuraï
40%
Méga-Draïeul
33%
Méga-Glaivodo
33%
Méga-Kravarech
33%
Crustabri
20%
Balbalèze
7%
Aucun quiz correspondant
Distribution des résultats
% des personnes avec chaque résultat
Percentile par nombre de réponses
Votre historique - résultats
Vous n’avez pas pris ce quiz